| Tag |
First Indicator |
Second Indicator |
Subfields |
| LEADER |
00000cam a2200000 a 4500 |
| 001 |
in00000855366 |
| 005 |
20151019071619.0 |
| 008 |
851001s1985 utuab f00000 eng d |
| 010 |
|
|
|a gp 86000023
|
| 035 |
|
|
|a (OCoLC)12632004
|
| 035 |
|
|
|9 AED6427AM
|
| 040 |
|
|
|a GPO
|c GPO
|d UtOrBLW
|
| 043 |
|
|
|a n-us-ut
|
| 074 |
|
|
|a 80-F
|
| 086 |
0 |
|
|a A 13.92/2:D 64
|
| 086 |
0 |
|
|a A 13.92/2:D 64/app.
|
| 086 |
0 |
|
|a A 13.92/2:D 64/map env.
|
| 086 |
0 |
|
|a A 13.92/2:D 64/map/alt.A and D,B-C,E-H
|
| 245 |
0 |
0 |
|a Draft environmental impact statement for the Dixie National Forest proposed land and resource management plan /
|c United States Department of Agriculture. Forest Service, Dixie National Forest.
|
| 264 |
|
1 |
|a [Cedar City, Utah] :
|b The Service,
|c 1985.
|
| 300 |
|
|
|a 2 volumes :
|b illustrations, maps ;
|c 28 cm. +
|e 7 color folded maps
|
| 336 |
|
|
|a text
|b txt
|2 rdacontent
|
| 337 |
|
|
|a unmediated
|b n
|2 rdamedia
|
| 338 |
|
|
|a volume
|b nc
|2 rdacarrier
|
| 500 |
|
|
|a Cover title.
|
| 500 |
|
|
|a Volume 2 is the appendices.
|
| 500 |
|
|
|a Includes index.
|
| 650 |
|
0 |
|a Forest reserves
|z Utah
|z Dixie National Forest.
|
| 650 |
|
0 |
|a Forest management
|z Utah
|z Dixie National Forest.
|
| 651 |
|
0 |
|a Dixie National Forest (Utah)
|
| 710 |
1 |
|
|a United States.
|b Forest Service.
|
| 740 |
0 |
|
|a Dixie National Forest.
|
| 740 |
0 |
|
|a Appendices, draft environmental impact statement for the Dixie National Forest, proposed land and resource management plan.
|
| 999 |
|
|
|a MARS
|
| 999 |
f |
f |
|s b7a67f5d-6692-35f2-96b6-753c9fa26530
|i 425fdba9-5cea-358d-a3e0-3ade1b128aab
|t 0
|
| 952 |
f |
f |
|p normal
|a Texas A&M University
|b College Station
|c Sterling C. Evans Library
|d Evans: US Documents (Annex 5th floor)
|t 0
|e A 13.92/2: D 64/
|h Superintendent of Documents classification
|i unmediated -- volume
|k app.
|m A14816835436
|
| 998 |
f |
f |
|a A 13.92/2: D 64/
|s "app."
|t 0
|l Evans: US Documents (Annex 5th floor)
|